00218nam a2200073Ia 4500082001900000245004100019100004300060008004100103 aMERM-PCRL-PEZL 0aDie mooiste verhale van Shakespeare  a SHAKESPEARE, William [S.l.], 1969 210817s9999 xx 000 0 und d